Vocabulary Blitz XLVI Quiz Stats

 Plays Quiz Updated Sep 4, 2018

Score 0/5 Timer 01:00
4 Plays Today
% Correct
chic
96.1%
daft
83.7%
naff
65.3%
twee
64.7%
jimp
38.9%

You're not logged in!

Compare scores with friends on all Sporcle quizzes.
OR
Log In

Sporcle TV

Today on Sporcle TV


Watch our educational content, quiz creation guides, and fun videos on Sporcle TV.

Show Comments

Extras

Top Quizzes Today


Score Distribution

Your Account Isn't Verified!

In order to create a playlist on Sporcle, you need to verify the email address you used during registration. Go to your Sporcle Settings to finish the process.

Report this User

Report this user for behavior that violates our Community Guidelines.

Details: